| 000 | 00464nab a2200145Ia 4500 | ||
|---|---|---|---|
| 003 | ES-SlBCS | ||
| 005 | 20210601133740.0 | ||
| 008 | 140529s2007 xxu||||| |||| 00| 0 por d | ||
| 041 | _apor | ||
| 100 | 1 |
_aFreitas, Itamar _9209187 |
|
| 245 | 0 | 0 |
_aUma versao católica para a história do Brasil nos anos 1930 _c Itamar Freitas |
| 650 | 0 | 4 |
_aHistoria de Brasil _9209188 |
| 773 | 0 |
_tEducaçao e Filosofia _gvol. 21, nº. 42, 2007, págs. 251-272 _wRev1534 |
|
| 942 | _cAR | ||
| 999 |
_c601499 _d601499 |
||